01342 a2200181 45000010006000000050017000060080041000230030015000640400040000790800058001192450084001770200018002612640032002793000018003115050794003290410008011231000029011313009520260407155612.0260407a1994 arg spa dAR-UNSa-BCEJYS aAR-UNSa-BCEJYSbspacAR-UNSa-BCEJYS a657(083)xResoluciones Técnicas Contables. Informes10aNormativa, fundamentos y aplicación del modelo de valuaciónpnivel básico a950-866-003-1 1aBuenos Aires :bReisac1994 a76 p.c28 cm. a1. Aspectos introductorios - 2. Fundamentos conceptuales - 3. El modelo contable de la RTNº 10 - 4. Caja y bancos, colocaciones de fondos, préstamos, créditos y pasivos ( en moneda argentina) - 5. Caja y bancos, colocaciones de fondos, préstamos, créditos y pasivos ( en moneda extranjera) - 6. Colocaciones de fondos, préstamos, créditos y pasivos ( sujeto a ajuste o indexación)- 7. Bienes de cambio - 8. Inversiones corrientes con cotización en bolsas o mercados de valores - 9. Participaciones permanentes en sociedades controladas - 10. Participaciones permanentes en sociedades controladas( con influencia significativa)- 11. Participaciones permanentes en sociedades ( sin influencia significativa) - 12. Bienes de uso e inversiones en bienes de naturaleza similar. aspa1 aSenderovich, Pablo David